00734cam a2200253Ia 4500020002600000020002900026020002600055020002900081020002600110020002900136040000800165082002600173245005800199246001600257250002900273260005100302300002700353650001700380650001600397700001800413710002500431942000700456999001700463 a0028330536 (Course 1) a9780028330532 (Course 1) a0028330544 (Course 2) a9780028330549 (Course 2) a0028330552 (Course 3) a9780028330556 (Course 3) cPRC a510 GLE 1999 A111 Or.00aGlencoe mathematics :bapplications and connections /30aMathematics aTeacher's wraparound ed. aNew York, N.Y. :bGlencoe/McGraw-Hill,cc1999. a3 v. :bill. ;c28 cm. 0aMathematics. 0aMathematics1 aMcClain, Kay,2 aGlencoe/McGraw-Hill. cEK c16751d16751